Statistics for France Cities Map Quiz

Click here to take the quiz!

General Stats

  • This quiz has been taken 119,549 times
  • The average score is 10 of 16

Answers on the Map

Answers color-coded by a green-red scale on the quiz's map according to % correct below.
 

Answer Stats

Answer% Correct
Paris
94%
Nice
83%
Marseille
78%
Strasbourg
78%
Calais
75%
Ajaccio
70%
Bordeaux
68%
Lyon
68%
Toulouse
64%
Brest
58%
Le Havre
56%
Dijon
49%
Nantes
49%
Rennes
44%
Limoges
37%
Tours
33%

Score Distribution

Percentile by Number Answered

Percent of People with Each Score

Your Score History

You have not taken this quiz